Máy nâng chuyển:T.3 /

Gorde:
Xehetasun bibliografikoak
Egile nagusia: Đào Trọng Thường
Beste egile batzuk: Nguyễn Đăng Hiếu, Võ Quang Phiên, Trần Dỗn Trường
Formatua: Liburua
Hizkuntza:Vietnamese
Argitaratua: H. : Khoa học và kỹ thuật , 1986
Edizioa:In lần thứ 1
Gaiak:
Etiketak: Etiketa erantsi
Etiketarik gabe, Izan zaitez lehena erregistro honi etiketa jartzen!
Thư viện lưu trữ: Thư viện Trường CĐ Kỹ Thuật Cao Thắng
LEADER 00797nam a2200241 a 4500
001 TVCDKTCT96
003 Thư viện trường Cao đẳng Kỹ thuật Cao Thắng
005 20050729000000
008 050729
980 \ \ |a Thư viện Trường CĐ Kỹ Thuật Cao Thắng 
024 |a RG_1 #1 eb0 i1 
041 0 # |a vie 
082 # # |a 629.25 /   |b Đ108T_m 
100 1 # |a Đào Trọng Thường 
245 0 0 |a Máy nâng chuyển:T.3 /  |c Đào Trọng Thường, ...[et al.] 
250 # # |a In lần thứ 1 
260 # # |a H. :  |b Khoa học và kỹ thuật ,  |c 1986 
300 # # |a 109tr. ;  |c 19 cm 
650 # 4 |a Cơ khí--Máy móc 
650 # 4 |a Cơ khí 
700 0 # |a Nguyễn Đăng Hiếu 
700 0 # |a Võ Quang Phiên 
700 0 # |a Trần Dỗn Trường